Introductory econometrics : a modern approach

সংরক্ষণ করুন:
গ্রন্থ-পঞ্জীর বিবরন
প্রধান লেখক: Wooldridge, Jeffrey M.
বিন্যাস: গ্রন্থ
প্রকাশিত: Cengage
ট্যাগগুলো: ট্যাগ যুক্ত করুন
কোনো ট্যাগ নেই, প্রথমজন হিসাবে ট্যাগ করুন!

MARC

LEADER 00000nam a2200000Ia 4500
005 20260515061616.0
100 |a Wooldridge, Jeffrey M., 
020 |a 9789355731074 
942 |c BK 
245 |a Introductory econometrics : a modern approach  
260 |b Cengage 
999 |c 38  |d 38 
952 |0 0  |1 0  |4 0  |7 0  |a ABDN  |b ABDN  |d 2026-05-15  |l 0  |p 000068  |r 2026-05-15 06:16:16  |w 2026-05-15  |y BK